000 00294nam a22001337a 4500
008 170602b xxu||||| |||| 00| 0 eng d
020 _a9781929223404
041 _aeng
080 _a94(4)
100 _a17
101 _aSHH
245 _aHOW GERMANS NEGOTIATE
_cSMYSER, W.R
942 _2udc
_cBK
999 _c15575
_d15575